| 000 | 00628nam a2200193 a 4500 | ||
|---|---|---|---|
| 001 | 000040985 | ||
| 005 | 20201002034528.0 | ||
| 008 | 130912s1982 dr a 000 0 spa d | ||
| 020 | _a9781560634577 | ||
| 040 |
_aDO-SdBNP _bspa _cBNPHU |
||
| 082 |
_axxxx _bxxxx |
||
| 100 | 1 |
_aRojas, Armando _94541 |
|
| 245 | 1 | 0 |
_aA su tiempo se maduran las uvas : _buna historia de coraje y fé basada en hechos reales / _cArmando Rojas. |
| 250 | _a4a ed. revisada y ampliada con 2da parte | ||
| 260 |
_aSanto Domingo : _bEdiciones cristianas, _c1982. |
||
| 300 |
_a270 p. : _bil. ; _c21 cm. |
||
| 490 | 1 | _a23 + uno | |
| 830 | 0 |
_a23 + uno _967420 |
|
| 999 |
_c40475 _d40475 |
||